000 00654nam a2200205Ii 4500
003 JO-AjNU
008 230605s9999||||xx |||||||||||||| ||und||
040 _aJO-AjNU
_bara
_erda
_cJO-AjNU
041 _aara
050 1 4 _aKKX70.B3948.1986
100 3 _a اللبناني ، سليم رستم باز,
_eauthor
_947170
245 0 0 _aشرح المجلة
250 _aط3
264 3 1 _aبيروت : دار احياء التراث العربي ، 1986
300 _a1280ص
336 _atext
_btxt
_2rdacontent
337 _aunmediated
_bn
_2rdamedia
338 _avolume
_bnc
_2rdacarrier
650 4 _aالاحكام الدلية -- تركيا
_947171
999 _aA20572
_c24140
_d24140